| 000 | 01560nam a2200253Ia 4500 | ||
|---|---|---|---|
| 003 | Ost | ||
| 005 | 20260507075219.0 | ||
| 008 | 260507s9999||||xx |||||||||||||| ||und|| | ||
| 020 | _a51873899579 | ||
| 040 | _cfsecg | ||
| 041 | _aara | ||
| 082 | _a330 | ||
| 100 |
_aالدعمي، هدي زوير مخلف _eمؤلف |
||
| 245 | 0 |
_aالاقتصاد المعرفي و انعكاساته على التنمية البشرية : _bنظرية و تحليل في دول عربية مختارة / _c هدي زوير مخلف الدعمي |
|
| 260 |
_aعمان: _bدار جرير, _c2010 |
||
| 300 |
_a209 صفحة؛ _bإيضاحات ؛ _c24 سم |
||
| 504 | _aمراجع ص.191 | ||
| 520 | _aواقع التنمية البشرية و مفاهيمها ، التنمية البشرية أدلة و مؤشرات ، الاقتصاد المعرفي مفاهيم و تاريخ ، مؤشرات و مكونات الاقتصاد المعرفي ، علاقة الاقتصاد المعرفي بالتنمية البشرية ، الاقتصاد المعرفي و التنمية البشرية و أثرهما على الانتاج و الانتاجية البشرية ، حقيقة الاقتصاد المعرفي في وطننا العربي ، دور التنمية البشرية في الوطن العربي الدول المنتخبة). | ||
| 653 | _aالإقتصاد | ||
| 653 | _aالإقتصاد- المعرفة | ||
| 653 | _aالتنمية البشرية | ||
| 700 |
_a العذاري، عدنان داود محمد _eمؤلف ثانوي |
||
| 942 | _cكتاب | ||
| 999 |
_c43514 _d43514 |
||